Statistics for Hallucinogenics by Matt Maeson - Lyrics Quiz

Click here to take the quiz!

General Stats

  • This quiz has been taken 61 times
  • The average score is 193 of 235

Answer Stats

Answer% Correct
hallucinogenics
100%
i
100%
it
100%
my
100%
on
100%
a
97%
'cause
97%
the
97%
trippin'
97%
burnt
94%
cigarette
94%
finger
94%
forgot
94%
limit
94%
lit
94%
past
94%
your
94%
go
90%
in
90%
man
90%
pushing
90%
with
90%
and
87%
find
84%
no
84%
ain't
81%
beginner
81%
couldn't
81%
fuck
81%
tall
81%
to
81%
who's
81%
yourself
81%
back
77%
Christian
77%
life
77%
crawled
74%
face
74%
i'm
74%
name
74%
open
74%
sinners
74%
smile
74%
that
74%
then
74%
up
74%
always
71%
don't
71%
hair
71%
just
71%
live
71%
remember
71%
Seattle
71%
shiftin'
71%
strong
71%
wouldn't
71%
or
68%
said
68%
rippin'
65%
but
61%
drunken
61%
two
61%
wayward
61%
without
61%
carried
58%
eyes
58%
hand
58%
like
58%
bloodshot
55%
paddle
55%
shaky
55%
son
55%
am
52%
come
52%
more
52%
through
52%
now
48%
undone
48%
Xans
48%
i've
45%
what
45%

Score Distribution

Percentile by Number Answered

Percent of People with Each Score

Your Score History

You have not taken this quiz